[Event "29th Czech Open A 2018"]
[Site "Pardubice CZE"]
[Date "2018.07.27"]
[Round "8.69"]
[White "Hoefelsauer, Thomas"]
[Black "Bente, Bjoern"]
[Result "1/2-1/2"]
[WhiteTitle "FM"]
[BlackTitle "FM"]
[WhiteElo "2361"]
[BlackElo "2219"]
[WhiteFideId "24668842"]
[BlackFideId "4638611"]
[EventDate "2018.07.20"]

1. Nf3 Nf6 2. g3 d5 3. Bg2 e6 4. O-O c5 5. c4 dxc4 6. Na3 Nc6 7. Nxc4 Be7 8. b3
O-O 9. Bb2 Bd7 10. Nfe5 Rc8 11. d3 Be8 12. Rc1 b5 13. Nxc6 Bxc6 14. Bxc6 Rxc6
15. Ne5 Rc7 16. d4 Nd7 17. dxc5 Nxe5 18. Bxe5 Rxc5 19. Qd4 Rd5 20. Qc3 b4 21.
Qa1 Bf6 22. Bxf6 Qxf6 23. Qxf6 1/2-1/2

[Event "29th Czech Open A 2018"]
[Site "Pardubice CZE"]
[Date "2018.07.27"]
[Round "8.70"]
[White "Stepan, Patrik"]
[Black "Cerveny, Martin"]
[Result "1-0"]
[BlackTitle "IM"]
[WhiteElo "2217"]
[BlackElo "2359"]
[WhiteFideId "358444"]
[BlackFideId "321141"]
[EventDate "2018.07.20"]

1. d4 d6 2. Nf3 Nf6 3. c4 Nbd7 4. Nc3 e5 5. e4 Be7 6. Be2 O-O 7. O-O c6 8. Be3
Re8 9. d5 c5 10. a3 Nf8 11. b4 b6 12. Ne1 h6 13. bxc5 bxc5 14. h4 N6h7 15. g3
Qd7 16. Qa4 Qxa4 17. Nxa4 g5 18. hxg5 Bxg5 19. Ng2 f5 20. Nc3 a6 21. Rab1 Ng6
22. Bh5 Nhf8 23. Rb6 f4 24. Bxg6 Nxg6 25. Rxd6 Kh7 26. Bxc5 Rg8 27. Rb1 h5 28.
Kh2 Rg7 29. Rc6 Bg4 30. d6 h4 31. gxh4 Bh6 32. Nd5 Kh8 33. Rc7 f3 34. Rxg7 Bxg7
35. Nge3 Bd7 36. Nb6 Rb8 37. Rg1 Nf8 38. Nf5 Bf6 39. Nxd7 Nxd7 40. Be3 1-0

[Event "29th Czech Open A 2018"]
[Site "Pardubice CZE"]
[Date "2018.07.27"]
[Round "8.71"]
[White "Tate, Alan"]
[Black "Kearns, Christopher"]
[Result "1-0"]
[WhiteTitle "FM"]
[WhiteElo "2352"]
[BlackElo "2221"]
[WhiteFideId "2401878"]
[BlackFideId "24642118"]
[EventDate "2018.07.20"]

1. c4 c6 2. Nf3 Nf6 3. Nc3 d5 4. e3 e6 5. b3 Nbd7 6. Qc2 Bd6 7. Bb2 a6 8. d4 O-O
9. O-O-O b5 10. c5 Bc7 11. h3 Qe7 12. g4 b4 13. Na4 Ne4 14. Bd3 f5 15. gxf5 exf5
16. Nb6 Nxb6 17. cxb6 Bxb6 18. Ne5 Bd7 19. f4 a5 20. Bxe4 fxe4 21. Kb1 Rac8 22.
Rdg1 Ba7 23. Rg3 Be8 24. Qe2 Qb7 25. Qg4 Bb8 26. Rhg1 Bxe5 27. dxe5 Bg6 28. e6
Qe7 29. f5 Rxf5 30. Qxf5 Bxf5 31. Rxg7+ Qxg7 32. Rxg7+ Kf8 33. Rf7+ Ke8 34. Rxf5
Ke7 35. Rh5 Rg8 36. Rxh7+ Kxe6 37. Rh6+ Kd7 38. Rh7+ Kd6 39. Rg7 Rf8 40. Rg6+
Kd7 41. Bf6 c5 42. Kc2 Rc8 43. Kd2 a4 44. Be5 axb3 45. axb3 Ke7 46. h4 Ra8 47.
h5 Ra2+ 48. Kc1 c4 49. Rb6 cxb3 50. Rxb4 Ke6 51. Bd4 Rh2 52. Rb6+ Kf5 53. Rd6
Kg4 54. Rxd5 Kf3 55. Rf5+ Ke2 56. Kb2 Kd3+ 57. Kxb3 Rf2 58. Rc5 1-0

[Event "29th Czech Open A 2018"]
[Site "Pardubice CZE"]
[Date "2018.07.27"]
[Round "8.72"]
[White "Krykun, Yuriy"]
[Black "Semjonovs, Ilja"]
[Result "1-0"]
[WhiteTitle "FM"]
[WhiteElo "2345"]
[BlackElo "2219"]
[WhiteFideId "14140667"]
[BlackFideId "11604263"]
[EventDate "2018.07.20"]

1. d4 Nf6 2. c4 c5 3. d5 b5 4. cxb5 a6 5. bxa6 g6 6. Nc3 Bg7 7. e4 O-O 8. Be2 d6
9. a7 Rxa7 10. Nf3 Ba6 11. O-O Nbd7 12. a4 Qb6 13. Re1 Ne8 14. Nb5 Ra8 15. Bg5
f6 16. Bd2 Ne5 17. Nxe5 fxe5 18. Be3 Qb7 19. Rb1 Nf6 20. f3 Qd7 21. b4 cxb4 22.
Rxb4 Rfc8 23. Qd2 Bf8 24. Bf1 e6 25. dxe6 Qxe6 26. Na7 Rxa7 27. Bxa7 Bxf1 28.
Rxf1 d5 29. Rb5 Qa6 30. Qa5 Qxa5 31. Rxa5 Ra8 32. Bb6 Rxa5 33. Bxa5 Bc5+ 34. Kh1
dxe4 35. Bd8 Nd5 36. fxe4 Nc3 37. a5 Nxe4 38. Bb6 1-0

[Event "29th Czech Open A 2018"]
[Site "Pardubice CZE"]
[Date "2018.07.27"]
[Round "8.73"]
[White "Olson, Hamish"]
[Black "Swicarz, Maciej"]
[Result "0-1"]
[WhiteElo "2229"]
[BlackElo "2333"]
[WhiteFideId "2404257"]
[BlackFideId "1113585"]
[EventDate "2018.07.20"]

1. d4 Nf6 2. Nf3 e6 3. c4 d5 4. Nc3 Bb4 5. Bg5 h6 6. Bxf6 Qxf6 7. e3 O-O 8. Rc1
c6 9. Bd3 Nd7 10. O-O Qe7 11. e4 dxc4 12. Bxc4 e5 13. d5 Nc5 14. dxc6 bxc6 15.
Nd2 Rd8 16. Qe2 Rb8 17. Nb3 Qg5 18. Bxf7+ Kxf7 19. Nxc5 Bxc5 20. Qc4+ Kg6 21.
Qxc5 Bh3 22. Qxc6+ Kh7 23. g3 Rxb2 24. Rfe1 Rxf2 25. Kxf2 Qd2+ 0-1

[Event "29th Czech Open A 2018"]
[Site "Pardubice CZE"]
[Date "2018.07.27"]
[Round "8.74"]
[White "Balasubramaniam, H"]
[Black "Kathmale, Sameer"]
[Result "0-1"]
[BlackTitle "IM"]
[WhiteElo "2219"]
[BlackElo "2323"]
[WhiteFideId "35053248"]
[BlackFideId "5024498"]
[EventDate "2018.07.20"]

1. e4 c6 2. Nf3 d5 3. Nc3 g6 4. d4 Bg7 5. h3 dxe4 6. Nxe4 Nf6 7. Ng3 O-O 8. Bc4
c5 9. O-O cxd4 10. Nxd4 a6 11. Be3 Qc7 12. Qe2 Nbd7 13. a4 b6 14. Rfd1 Bb7 15.
Bg5 e5 16. Nb3 h6 17. Be3 Rfc8 18. Nd2 Nd5 19. Bxd5 Bxd5 20. Nde4 Qc6 21. Qd3
Be6 22. Nc3 Bf8 23. Qe4 f5 24. Qxc6 Rxc6 25. f4 exf4 26. Bxf4 g5 27. Bc1 Nf6 28.
Nge2 Bc5+ 29. Kh1 f4 30. Nd4 Bxd4 31. Rxd4 Bf5 32. Bd2 Bxc2 33. Rc1 Bb3 34. Re1
Kf7 35. Ne4 Nd5 36. Nc3 Ne7 37. Rd7 Be6 38. Nd5 Re8 39. Rxe7+ Rxe7 40. Nxe7 Kxe7
41. Bc3 Kf7 42. Re4 Bf5 43. Rd4 Bc2 44. Kg1 Ke6 45. Kf2 Bf5 46. Rd8 Kf7 47. Rd4
Re6 48. Rd7+ Kg6 49. Rd4 a5 50. Rd8 Kh5 51. Rd5 Bc2 52. Rd4 Bb3 53. Be1 Bc2 54.
Bc3 Be4 55. Bd2 Bb7 56. b4 axb4 57. Bxb4 Re3 58. Rd6 Rb3 59. Rxb6 Rb2+ 60. Kg1
Bxg2 61. a5 Bxh3 62. a6 Bg2 63. a7 Bf3 64. Rb8 Ra2 65. Bc5 Kg4 66. Rb1 h5 67.
Rb5 Ra1+ 68. Kf2 Ra2+ 69. Kg1 Bc6 70. Rb6 Kg3 71. Rb3+ Bf3 72. Bf2+ Kg4 73. Bd4
h4 74. Rb2 Ra1+ 75. Kf2 h3 76. Rb8 Ra2+ 0-1

[Event "29th Czech Open A 2018"]
[Site "Pardubice CZE"]
[Date "2018.07.27"]
[Round "8.75"]
[White "Cerveny, Petr"]
[Black "Furman, Boris"]
[Result "1/2-1/2"]
[WhiteTitle "FM"]
[BlackTitle "FM"]
[WhiteElo "2319"]
[BlackElo "2214"]
[WhiteFideId "322016"]
[BlackFideId "4107187"]
[EventDate "2018.07.20"]

1. Nf3 d5 2. g3 c5 3. Bg2 Nc6 4. O-O Nf6 5. d3 Bg4 6. h3 Bh5 7. g4 Bg6 8. Nh4 e6
9. Nxg6 hxg6 10. c4 d4 11. e4 Nd7 12. f4 g5 13. f5 Nde5 14. a3 a5 15. Qe2 Bd6
16. Nd2 Qf6 1/2-1/2

[Event "29th Czech Open A 2018"]
[Site "Pardubice CZE"]
[Date "2018.07.27"]
[Round "8.76"]
[White "Sbarra, Marco"]
[Black "Barp, Alberto"]
[Result "0-1"]
[WhiteTitle "FM"]
[BlackTitle "FM"]
[WhiteElo "2205"]
[BlackElo "2317"]
[WhiteFideId "804401"]
[BlackFideId "872555"]
[EventDate "2018.07.20"]

1. e4 e5 2. Nf3 Nc6 3. Bb5 a6 4. Ba4 Nf6 5. Nc3 b5 6. Bb3 Be7 7. O-O d6 8. a3
Bg4 9. d3 Nd4 10. Ba2 Qd7 11. Be3 Nxf3+ 12. gxf3 Bh5 13. Nb1 Qh3 14. Nd2 d5 15.
Bxd5 Nxd5 16. exd5 e4 17. dxe4 Bd6 18. Re1 Bxh2+ 19. Kh1 O-O-O 0-1

[Event "29th Czech Open A 2018"]
[Site "Pardubice CZE"]
[Date "2018.07.27"]
[Round "8.77"]
[White "Geller, Anastasiya"]
[Black "Risting, Eivind Olav"]
[Result "1/2-1/2"]
[WhiteTitle "WFM"]
[BlackTitle "FM"]
[WhiteElo "2203"]
[BlackElo "2317"]
[WhiteFideId "24119059"]
[BlackFideId "1517333"]
[EventDate "2018.07.20"]

1. e4 c6 2. d4 d5 3. exd5 cxd5 4. c3 Nc6 5. Bf4 Nf6 6. h3 g6 7. Bd3 Bf5 8. Nf3
Bg7 9. O-O O-O 10. Qe2 Bxd3 11. Qxd3 Ne4 12. Nbd2 Nd6 13. a4 Re8 14. Rfe1 e6 15.
Re2 Qd7 16. Ne5 Qd8 17. Rae1 Rc8 18. Qf3 Nf5 19. Qd3 Qa5 20. Nxc6 Rxc6 21. Ra1
Qd8 22. a5 f6 23. Nf3 Nd6 24. Bxd6 Qxd6 25. Qb5 Re7 26. Rae1 Kf7 27. Nd2 Rcc7
28. Nb3 Kg8 29. Nc5 e5 30. a6 b6 31. Nd3 e4 32. Nb4 Red7 33. Rc2 f5 34. Rd1 Bf8
35. Na2 Qf4 36. c4 dxc4 37. Rxc4 Qd6 38. Nc3 Bg7 39. Qb3 Rxc4 40. Qxc4+ Kf8 41.
Nb5 Qe7 42. b4 Bf6 1/2-1/2

[Event "29th Czech Open A 2018"]
[Site "Pardubice CZE"]
[Date "2018.07.27"]
[Round "8.78"]
[White "Pauly, Carlo"]
[Black "Baskakov, Egor"]
[Result "1/2-1/2"]
[WhiteElo "2312"]
[BlackElo "2203"]
[WhiteFideId "24673269"]
[BlackFideId "24197866"]
[EventDate "2018.07.20"]

1. d4 Nf6 2. c4 c5 3. d5 b5 4. cxb5 a6 5. f3 d6 6. e4 Nbd7 7. Na3 g6 8. Ne2 Bg7
9. Nc3 O-O 10. Be2 Ne8 11. Bg5 Nc7 12. b6 Nb5 13. Ncxb5 axb5 14. Qc1 b4 15. Nc4
Nxb6 16. Bh6 Nxc4 17. Bxc4 Ba6 18. Bxg7 Kxg7 19. h4 Bxc4 20. Qxc4 h6 21. h5 g5
22. O-O f6 23. f4 Qd7 24. Qe2 gxf4 25. Rxf4 Rg8 26. Kh2 Kh7 27. Rf5 Rg7 28. a3
bxa3 29. Rxa3 Rag8 1/2-1/2

[Event "29th Czech Open A 2018"]
[Site "Pardubice CZE"]
[Date "2018.07.27"]
[Round "8.79"]
[White "Sarkar, Justin"]
[Black "Nguyen, Alex Dac-Vuong"]
[Result "1-0"]
[WhiteTitle "IM"]
[WhiteElo "2307"]
[BlackElo "2175"]
[WhiteFideId "2010011"]
[BlackFideId "12984388"]
[EventDate "2018.07.20"]

1. c4 Nf6 2. f4 e6 3. Nf3 c5 4. e3 Nc6 5. b3 Be7 6. Bb2 O-O 7. Be2 a6 8. O-O d5
9. Ne5 Bd7 10. d3 Qc7 11. Nd2 Rad8 12. a3 a5 13. Ndf3 d4 14. exd4 cxd4 15. Kh1
Qb6 16. Rb1 Bc5 17. Nxc6 Bxc6 18. Ne5 Nd7 19. Nxd7 Rxd7 20. Qc2 Qc7 21. Bc1 b6
22. b4 axb4 23. axb4 Bd6 24. Bf3 Bxf3 25. Rxf3 e5 26. fxe5 Bxe5 27. Qf2 Re8 28.
Bf4 Rde7 29. Bxe5 Qxe5 30. Kg1 Qe1+ 31. Rxe1 Rxe1+ 32. Qf1 Rxf1+ 33. Kxf1 f6 34.
Rf5 Rd8 35. Kf2 Kf7 36. g4 Rd6 37. Rf4 g6 38. Kf3 Ke6 39. Ke4 h5 40. h3 hxg4 41.
hxg4 Rd7 42. Rf2 Rd8 43. Rf1 Rd7 44. Rh1 f5+ 45. gxf5+ gxf5+ 46. Kf4 Rf7 47.
Re1+ Kf6 48. Re5 Kg6 49. Rb5 Rf6 50. Rd5 Rf7 51. Rxd4 1-0

[Event "29th Czech Open A 2018"]
[Site "Pardubice CZE"]
[Date "2018.07.27"]
[Round "8.80"]
[White "Kukelko, Alexey"]
[Black "Ilic, Zoran S"]
[Result "0-1"]
[BlackTitle "IM"]
[WhiteElo "2196"]
[BlackElo "2303"]
[WhiteFideId "14153084"]
[BlackFideId "901733"]
[EventDate "2018.07.20"]

1. e4 c5 2. Nf3 Nc6 3. Nc3 e6 4. d4 cxd4 5. Nxd4 Qc7 6. Be3 a6 7. Qf3 Nf6 8.
O-O-O h5 9. Nxc6 dxc6 10. Qg3 Qa5 11. Bd4 h4 12. Qd3 Be7 13. f4 b5 14. Qe3 Qc7
15. Be5 Qa7 16. Qe1 Bb7 17. Bd6 Ng4 18. Bxe7 Kxe7 19. Rd2 Qe3 20. Qxe3 Nxe3 21.
Bd3 c5 22. h3 c4 23. Re1 cxd3 24. Rxe3 dxc2 25. a3 Rhd8 26. Kxc2 Rxd2+ 27. Kxd2
Rd8+ 28. Ke2 Rd4 29. g3 b4 30. axb4 Rxb4 31. gxh4 Rxb2+ 32. Kf1 a5 33. Rg3 Rc2
34. h5 Bc6 35. Ke1 a4 36. Kd1 Rh2 37. Kc1 Rf2 38. Rxg7 Rxf4 39. Rg4 Rf3 40. Kc2
Rxh3 41. Rg5 Re3 42. Rg4 Rh3 43. Rg5 Kd6 44. Nb5+ Bxb5 45. Rxb5 a3 46. Ra5 f6
47. Kd2 a2 48. Kc1 Rxh5 49. Rxa2 Rh1+ 0-1

[Event "29th Czech Open A 2018"]
[Site "Pardubice CZE"]
[Date "2018.07.27"]
[Round "8.81"]
[White "Sprenar, Petr"]
[Black "Gombocz, Ferenc Jr."]
[Result "1-0"]
[BlackTitle "FM"]
[WhiteElo "2192"]
[BlackElo "2301"]
[WhiteFideId "397164"]
[BlackFideId "775029"]
[EventDate "2018.07.20"]

1. d4 d5 2. c4 c6 3. cxd5 cxd5 4. Bf4 Nc6 5. Nc3 Nf6 6. e3 a6 7. Bd3 Bg4 8. Nge2
e6 9. O-O Bd6 10. f3 Bh5 11. Bxd6 Qxd6 12. Nf4 Bg6 13. Rc1 Bxd3 14. Nxd3 O-O 15.
f4 Nd7 16. Na4 f6 17. Nac5 Nxc5 18. Rxc5 Rad8 19. Qb3 Rf7 20. Qc3 Re7 21. Rd1
Qd7 22. Nb4 Na7 23. Rc1 Qd6 24. a4 Rdd7 25. Qd2 Rc7 26. Qc3 Rcd7 27. Qd2 Re8 28.
R5c2 a5 29. Nd3 Nc6 30. Nc5 Rde7 31. Nxb7 Rxb7 32. Rxc6 Qb4 33. Qxb4 Rxb4 34.
Ra6 Rxa4 35. Rc7 Kh8 36. Rxe6 Rb8 37. Rb6 Re8 38. Rc5 h6 39. Kf2 Rd8 40. Rbb5
Ra2 41. Kf3 a4 42. Rc3 Ra1 43. Ra3 Rf1+ 44. Ke2 Rb1 45. Rxa4 Rc8 46. Rxd5 Rxb2+
47. Kf3 Rcc2 48. g4 Rxh2 49. Ra8+ Kh7 50. Ra7 Rh3+ 51. Ke4 Rg3 52. Kf5 Rbg2 53.
Rd8 Rb2 54. Rdd7 Kh8 55. Rxg7 Rb5+ 56. Kxf6 Rb6+ 57. Kf5 Rxe3 58. Rgb7 1-0

[Event "29th Czech Open A 2018"]
[Site "Pardubice CZE"]
[Date "2018.07.27"]
[Round "8.82"]
[White "Debevec, Blaz"]
[Black "Mladek, Richard"]
[Result "0-1"]
[WhiteElo "2169"]
[BlackElo "2299"]
[WhiteFideId "14605813"]
[BlackFideId "386588"]
[EventDate "2018.07.20"]

1. e4 c5 2. Nf3 d6 3. d4 cxd4 4. Nxd4 Nf6 5. Nc3 a6 6. Be3 e5 7. Nf3 Be6 8. h3
Be7 9. Be2 O-O 10. O-O b5 11. a3 Qc7 12. Nh2 Nbd7 13. Ng4 Rac8 14. f4 exf4 15.
Bxf4 Ne5 16. Ne3 Qc5 17. Kh1 Ng6 18. Nf5 Bxf5 19. exf5 Nxf4 20. Rxf4 Qe5 21. Rf1
d5 22. Qe1 Bd6 23. g3 d4 24. Nd1 Rfe8 0-1

[Event "29th Czech Open A 2018"]
[Site "Pardubice CZE"]
[Date "2018.07.27"]
[Round "8.83"]
[White "Bartos, Jan"]
[Black "Heinemann, Josefine"]
[Result "1/2-1/2"]
[WhiteTitle "FM"]
[BlackTitle "WIM"]
[WhiteElo "2153"]
[BlackElo "2294"]
[WhiteFideId "315060"]
[BlackFideId "12900460"]
[EventDate "2018.07.20"]

1. d4 Nf6 2. Nf3 g6 3. c4 Bg7 4. Nc3 d5 5. Bg5 Ne4 6. Bf4 Nxc3 7. bxc3 O-O 8.
cxd5 Qxd5 9. e3 c5 10. Be2 Nc6 11. O-O b6 12. Nd2 Bb7 13. Bf3 Qd7 14. Nb3 c4 15.
Nd2 Rac8 16. Nxc4 Nxd4 17. cxd4 Bxf3 18. Nxb6 axb6 19. Qxf3 Rc2 20. Rfc1 Rfc8
21. Qd1 Qa4 22. Rxc2 Rxc2 23. h3 h5 24. a3 Qc4 25. a4 Kh7 26. Qf1 Qc3 27. Rb1
Qd2 28. Qe1 Qd3 29. Rxb6 Qa3 30. Rb1 Qxa4 31. Qd1 Qc4 32. Qf1 Qc3 33. Qe1 Qc4
34. Qf1 Qc3 35. Qe1 Qc4 1/2-1/2

[Event "29th Czech Open A 2018"]
[Site "Pardubice CZE"]
[Date "2018.07.27"]
[Round "8.84"]
[White "Svanda, Ondrej"]
[Black "Monnisha, G K"]
[Result "1/2-1/2"]
[BlackTitle "WIM"]
[WhiteElo "2111"]
[BlackElo "2292"]
[WhiteFideId "359670"]
[BlackFideId "5009936"]
[EventDate "2018.07.20"]

1. e4 e5 2. Nf3 Nc6 3. d4 exd4 4. Bc4 Nf6 5. e5 d5 6. Bb5 Ne4 7. Nxd4 Bd7 8.
Bxc6 bxc6 9. O-O Bc5 10. f3 Ng5 11. f4 Ne4 12. Be3 Bb6 13. Nc3 Nxc3 14. bxc3 O-O
15. Qf3 f6 16. e6 Bxd4 17. Bxd4 Bxe6 18. f5 Bf7 19. Rab1 Qd6 20. Qf2 Rfe8 21.
Rb7 Bh5 22. Rfb1 a5 23. Bc5 Qe5 24. Bd4 Qd6 25. Bc5 Qd7 26. Bd4 Qd6 27. Bc5 1/2-1/2

[Event "29th Czech Open A 2018"]
[Site "Pardubice CZE"]
[Date "2018.07.27"]
[Round "8.85"]
[White "Claridge-Hansen, William"]
[Black "Oberhofer, Cedric"]
[Result "1-0"]
[WhiteTitle "FM"]
[WhiteElo "2291"]
[BlackElo "2141"]
[WhiteFideId "422509"]
[BlackFideId "12941220"]
[EventDate "2018.07.20"]

1. c4 e5 2. g3 Nf6 3. Bg2 d5 4. cxd5 Nxd5 5. Nc3 Nb6 6. d3 Be7 7. Be3 O-O 8. Rc1
Nc6 9. Bxc6 bxc6 10. Nf3 Nd5 11. Nxe5 Nxe3 12. fxe3 Bg5 13. Qd2 Bh3 14. Rg1 Qe7
15. Nc4 Rfe8 16. Ne4 Bh6 17. Nf2 Be6 18. Ne5 Bxa2 19. Neg4 Qe6 20. h4 Bb3 21.
Nxh6+ Qxh6 22. e4 Qe6 23. Qc3 Ba4 24. Qc4 Qxc4 25. Rxc4 Bb5 26. Rc3 a5 27. Kd2
Rad8 28. Ra1 a4 29. b3 axb3 30. Rxb3 h5 31. Rc3 Re5 32. Rac1 g6 33. Rc5 Rxc5 34.
Rxc5 Kg7 35. Ke3 Ra8 36. e5 f6 37. exf6+ Kxf6 38. Ne4+ Kf7 39. Nc3 Re8+ 40. Kf2
Re7 41. Nxb5 cxb5 42. Rxb5 Ke6 43. Rg5 Kf6 44. Rc5 Ke6 45. Rc6+ Kf7 46. e4 Rd7
47. Ke3 Kg7 48. d4 Kf7 49. e5 Kg7 50. Ke4 Re7 51. d5 Rd7 52. e6 Re7 53. Ke5 1-0

[Event "29th Czech Open A 2018"]
[Site "Pardubice CZE"]
[Date "2018.07.27"]
[Round "8.86"]
[White "Michelle Catherina, P"]
[Black "Obsivac, Josef"]
[Result "1-0"]
[WhiteTitle "WIM"]
[BlackTitle "FM"]
[WhiteElo "2069"]
[BlackElo "2290"]
[WhiteFideId "5005736"]
[BlackFideId "303690"]
[EventDate "2018.07.20"]

1. c4 e5 2. Nc3 Nc6 3. g3 Bc5 4. Bg2 a6 5. e3 d6 6. Nge2 Ba7 7. d4 Nge7 8. O-O
h5 9. b4 Ng6 10. Nd5 Nce7 11. Nxe7 Qxe7 12. c5 h4 13. Nc3 O-O 14. Qc2 c6 15. Ne4
d5 16. Nd6 e4 17. a4 Bb8 18. Nxc8 Rxc8 19. Bd2 Kh7 20. Qb3 Qe6 21. Rfb1 Bc7 22.
Bf1 Rh8 23. b5 axb5 24. axb5 Rac8 25. Ra7 hxg3 26. hxg3 Bxg3 27. fxg3 Qg4 28.
Bg2 Qxg3 29. Be1 Qg5 30. Rxb7 Kg8 31. bxc6 Rxc6 32. Rb6 Rc8 33. Rb8 Kh7 34. Rxc8
Rxc8 35. Bf2 Rc6 36. Qb8 Ne7 37. Rb6 Rc8 38. Qh2+ Kg8 39. Rb8 Qg4 40. Rxc8+ Qxc8
41. Qd6 Qb7 42. Bh3 g6 43. Bd7 1-0

[Event "29th Czech Open A 2018"]
[Site "Pardubice CZE"]
[Date "2018.07.27"]
[Round "8.87"]
[White "Mosesov, Danylo"]
[Black "Karthick, Narayanan S"]
[Result "1-0"]
[WhiteTitle "FM"]
[WhiteElo "2282"]
[BlackElo "1919"]
[WhiteFideId "14149494"]
[BlackFideId "25045288"]
[EventDate "2018.07.20"]

1. e4 c5 2. Nf3 Nc6 3. d4 cxd4 4. Nxd4 Nf6 5. Nc3 g6 6. Nxc6 bxc6 7. e5 Nh5 8.
Bc4 Qa5 9. O-O Ng7 10. Re1 Ne6 11. Be3 Bg7 12. f4 O-O 13. Qd2 Nxf4 14. Nd5 Qxd2
15. Nxe7+ Kh8 16. Bxd2 Ne6 17. Nxc8 Raxc8 18. Rad1 Rfe8 19. Bc3 Re7 20. Rd6 c5
21. Ra6 Rc7 22. Ba5 Rb7 23. Bd5 Rb8 24. Rxa7 Nf4 25. Bf3 Rxe5 26. Rxe5 Bxe5 27.
b3 Bd4+ 28. Kf1 c4 29. Rxd7 cxb3 30. cxb3 Be3 31. Rd8+ Rxd8 32. Bxd8 Bd4 33. a4
Ne6 34. Be7 Bb6 35. b4 Nd4 36. a5 Ba7 37. Bd8 Bb8 1-0

[Event "29th Czech Open A 2018"]
[Site "Pardubice CZE"]
[Date "2018.07.27"]
[Round "8.88"]
[White "Polgar-Shutzman, Tom"]
[Black "Kenneskog, Theodor"]
[Result "1/2-1/2"]
[BlackTitle "FM"]
[WhiteElo "2076"]
[BlackElo "2273"]
[WhiteFideId "2064880"]
[BlackFideId "1715011"]
[EventDate "2018.07.20"]

1. e4 c5 2. Nf3 d6 3. Bb5+ Nd7 4. d4 cxd4 5. Qxd4 a6 6. Bxd7+ Bxd7 7. c4 Rc8 8.
Nc3 e5 9. Qd3 Qc7 10. b3 b5 11. Nd5 Qb7 12. a4 Nf6 13. axb5 axb5 14. O-O Nxd5
15. exd5 bxc4 16. bxc4 Qc7 17. Nd2 Be7 18. Ba3 O-O 19. Rfc1 f5 20. c5 dxc5 21.
Qc4 Kh8 22. Nb3 Ra8 23. Bxc5 Rxa1 24. Rxa1 Rc8 25. Rc1 Qb7 26. h3 h6 27. Qd3 e4
28. Qd1 Bg5 29. Ra1 Ra8 30. Rxa8+ Qxa8 31. Bd6 Ba4 32. Qa1 Bf6 33. Qa3 Qxd5 34.
Qxa4 Qd1+ 35. Kh2 Qxd6+ 36. g3 Be5 37. Qc4 Kh7 38. Qf7 Bf6 39. h4 Qe5 40. Qd7 f4
41. Kh3 h5 42. Nd2 fxg3 43. fxg3 e3 44. Qd3+ g6 45. Ne4 Qd4 1/2-1/2

[Event "29th Czech Open A 2018"]
[Site "Pardubice CZE"]
[Date "2018.07.27"]
[Round "8.89"]
[White "Kopylov, Daniel"]
[Black "Ludvik, Tomas"]
[Result "1-0"]
[WhiteElo "2272"]
[BlackElo "2048"]
[WhiteFideId "12921971"]
[BlackFideId "367664"]
[EventDate "2018.07.20"]

1. e4 c5 2. Nf3 d6 3. d4 cxd4 4. Nxd4 Nf6 5. Nc3 a6 6. Be3 e5 7. Nf3 Be7 8. Bc4
O-O 9. O-O Be6 10. Bb3 Nc6 11. Qe2 Qc7 12. Rfd1 Na5 13. Bg5 Nxb3 14. axb3 Rac8
15. Nd2 Qc5 16. h3 Rfe8 17. Nf1 Nd7 18. Bxe7 Rxe7 19. Qd2 Rc6 20. b4 Qb6 21. b5
axb5 22. Ra8+ Nf8 23. Ne3 Rd7 24. Ned5 Bxd5 25. Nxd5 Qd4 26. Nf6+ gxf6 27. Qh6 1-0

[Event "29th Czech Open A 2018"]
[Site "Pardubice CZE"]
[Date "2018.07.27"]
[Round "8.90"]
[White "Machlik, Edit"]
[Black "Petrova, Kristyna"]
[Result "1/2-1/2"]
[BlackTitle "WIM"]
[WhiteElo "2046"]
[BlackElo "2264"]
[WhiteFideId "1513591"]
[BlackFideId "309672"]
[EventDate "2018.07.20"]

1. d4 Nf6 2. c4 g6 3. Nf3 Bg7 4. g3 c6 5. Bg2 d5 6. cxd5 cxd5 7. O-O O-O 8. Nc3
Ne4 9. Ne5 Nxc3 10. bxc3 Nc6 11. Nxc6 bxc6 12. Qa4 Qb6 13. Ba3 Qa6 14. Qxa6 Bxa6
15. Rfe1 Rfe8 16. Bf1 Bf8 1/2-1/2

[Event "29th Czech Open A 2018"]
[Site "Pardubice CZE"]
[Date "2018.07.27"]
[Round "8.91"]
[White "Chekletsov, Ilya"]
[Black "Rakshitta, Ravi"]
[Result "1-0"]
[WhiteTitle "IM"]
[WhiteElo "2395"]
[BlackElo "2026"]
[WhiteFideId "24177156"]
[BlackFideId "25073230"]
[EventDate "2018.07.20"]

1. d4 Nf6 2. c4 e6 3. g3 d5 4. Bg2 Be7 5. Nf3 O-O 6. O-O dxc4 7. Qc2 a6 8. Qxc4
b5 9. Qc2 Bb7 10. Bd2 Bd6 11. Re1 Be4 12. Qc1 Bb7 13. Qc2 Be4 14. Qc1 Bb7 15.
Bg5 h6 16. Bxf6 Qxf6 17. e4 Qd8 18. Nbd2 Nd7 19. Nb3 Rc8 20. Nc5 Ba8 21. Qc3 e5
22. Nxd7 Qxd7 23. dxe5 Be7 24. Rad1 Qc6 25. Qxc6 Bxc6 26. Bh3 Rcd8 27. Rc1 Bd7
28. Bxd7 Rxd7 29. Red1 Rfd8 30. Rxd7 Rxd7 31. Kf1 c5 32. b3 a5 33. Ke2 Ra7 34.
a4 bxa4 35. bxa4 Rb7 36. Nd2 Rb4 37. Rc4 g5 38. Rxb4 cxb4 39. h3 h5 40. f4 Bd8
41. Nb3 gxf4 42. gxf4 Bb6 43. Kd3 Kf8 44. Kc4 Ke7 45. Kb5 Bc7 46. Kc6 Bd8 47. f5
h4 48. Nd4 Ke8 49. f6 Kf8 50. Kd7 Bb6 51. Nb3 Be3 52. e6 fxe6 53. Kxe6 Bb6 54.
e5 Ke8 55. Kf5 Kf7 56. e6+ Kf8 57. Kg6 Bc7 58. e7+ Ke8 59. Kg7 Be5 60. Nxa5 1-0

[Event "29th Czech Open A 2018"]
[Site "Pardubice CZE"]
[Date "2018.07.27"]
[Round "8.92"]
[White "Hrdina, Robin"]
[Black "Zaitsev, Alexander"]
[Result "1/2-1/2"]
[BlackTitle "GM"]
[WhiteElo "2193"]
[BlackElo "2499"]
[WhiteFideId "339342"]
[BlackFideId "4164490"]
[EventDate "2018.07.20"]

1. b3 e5 2. Bb2 Nc6 3. e3 d6 4. d4 exd4 5. exd4 d5 6. Nf3 Nf6 7. Be2 Bb4+ 8. c3
Bd6 9. O-O O-O 10. c4 Re8 11. Nc3 Bg4 12. cxd5 Ne7 13. Ne5 Bxe2 14. Qxe2 Bb4 15.
Qc4 Nexd5 16. Nxd5 Nxd5 17. a3 Bf8 18. b4 a6 19. Rac1 c6 20. Qb3 Re6 21. Rce1
Qc7 22. f4 f6 23. f5 Ree8 24. Nc4 Qf7 25. Ne3 Nxe3 26. Rxe3 Rxe3 27. Qxe3 Re8
28. Qf3 Qa2 29. Bc1 Bd6 30. Rd1 Bc7 31. Bd2 Bb6 32. Qd3 Qd5 33. Be3 Re4 34. Bf2
Qxf5 35. Qb3+ Qe6 36. Qxe6+ Rxe6 37. Kf1 Rd6 38. Ke2 Kf7 39. Kf3 Rd5 40. g4 g6
41. Ke4 Ke6 42. Kd3 h5 43. h3 Kf7 44. Re1 Bc7 45. Rf1 Bd6 46. Be3 Kg7 47. Ke4 a5
48. bxa5 hxg4 49. hxg4 Rxa5 50. Rb1 f5+ 51. gxf5 gxf5+ 52. Kf3 b5 53. Rc1 Ra6
54. d5 cxd5 55. Rd1 f4 56. Bc1 Bxa3 57. Bxa3 Rxa3+ 58. Kxf4 Kf6 59. Rxd5 Rb3 60.
Rh5 1/2-1/2